000 01784cam a22005054i 4500
003 PE-LiUPU
005 20250731173454.0
008 150616s1980 miu r 000 0 spa d
035 _a(Sirsi) a6533
040 _aPE-LiUPU
_bspa
_cPE-LiUPU
_erda
049 _aPRUA
082 0 4 _a220.7
_bICC
_221
100 1 _aMitchell, Hinckley G.,
_eautor.
245 1 0 _aHaggai, Zechariah, Malachi and Jonah :
_bA Critical and Exegetical Commentary..
_n37 /
_cHinckley G. Mitchell.
264 1 _aEdinburgh, Gran Bretaña :
_bT. & T. Clark,
_c1980.
300 _a422 páginas ;
_c21 centímetros
336 _atext
_2rdacontent
337 _aunmediated
_2rdamedia
338 _avolume
_2rdacarrier
490 0 _aThe International Critical Commentary
505 0 _aComentarios sobre los libros de: Hageo, Zacarías, Jonás, y Malaquías.
526 _aSEG42
526 _aSEG41
526 _aSEG40
526 _aSEG39
526 _aP94
526 _aP87
526 _aP86
526 _aP85
526 _aP77
526 _aP76
526 _aP35
630 _aBiblia.
_pA.T.
_pHageo
_xComentarios.
630 _aBiblia.
_pA.T.
_pZacarías
_xComentarios.
630 _aBiblia.
_pA.T.
_pJonás
_xComentarios.
630 _aBiblia.
_pA.T.
_pMalaquías
_xComentarios.
650 0 4 _a
910 _ajck
_bjvq
_cjck
942 _2ddc
_cBOOK
949 _a220.7 ICC 37
_wDEWEY
_c1
_i39905
_lCCODEBUL1
_mBUL
_p15.00
_r0
_sY
_tBOOK
_u19951205
_xTEOLOGIA
_zUNKNOWN
_0COMPRA
_o.STAFF. Colección Teología
994 _aC0
_bPEPRU
596 _a1
999 _a220.7 ICC 37
_wDEWEY
_c57677
_i39905
_d57677
_e2018-6-5
_f2021-11-9
_g5
_lCCODEBUL1
_mBUL
_n3
_p15.00
_q11
_r0
_sY
_tBOOK
_u2015-6-16
_xTEOLOGIA
_PP35
_0COMPRA
_o.STAFF. Colección Teología
980 _81
_gALBERTO SANCHEZ Responsable de Automatización